Els Homes forts : comèdia dramàtica en quatre actes / Original d'Albert Piera i Serís comèdia dramàtica en quatre actes / Original d'Albert Piera i Serís
Descripción Física:
[64] p. ; 19 cm
Colección:
El nostre teatre ; 22
MARC
| LEADER | 00000nam a2200000Ia 4500 | ||
|---|---|---|---|
| 001 | 19549 | ||
| 008 | 160829s1935 xx 000 0 cat d | ||
| 080 | |a L-2-93 | ||
| 100 | |a Piera i Serís, Albert |9 46785 | ||
| 245 | |a Els Homes forts : |b comèdia dramàtica en quatre actes / Original d'Albert Piera i Serís | ||
| 250 | |a 2a ed. | ||
| 260 | |a Barcelona : |b Tallers Gráfics Irández, |c 1935 | ||
| 300 | |a [64] p. ; |c 19 cm | ||
| 490 | |a El nostre teatre ; 22 | ||
| 590 | |a A la portada: Publicació quinzenal d'obres escèniques i d'informació teatral. Obra guanyadora del Premi Ignasi Iglésies, 1933, de la Generalitat de Catalunya. | ||
| 590 | |a Prové de 4170, exp. 83 | ||
| 901 | |a Arxiu | ||
| 942 | |n 1 | ||
| 952 | |0 0 |1 0 |4 0 |6 L293 |7 1 |9 53448 |a Arxiu |b Arxiu |d 2016-12-01 |l 0 |o L-2-93 |p 19549 |r 2016-12-01 00:00:00 |w 2016-12-01 |y ARXIU | ||
| 999 | |c 57314 |d 57314 | ||